El problema de las limitaciones de derecho público y la esencia del derecho de propiedad (Record no. 111046)

MARC details
000 -LEADER
campo de control de longitud fija 00830nam a2200193 i 4500
001 - NÚMERO DE CONTROL
campo de control 111046
003 - IDENTIFICADOR DE NÚMERO DE CONTROL
campo de control ES-MaACL
005 - FECHA Y HORA DE LA ÚLTIMA TRANSACCIÓN
campo de control 20230906185229.0
007 - CAMPO FIJO DE DESCRIPCIÓN FÍSICA--INFORMACIÓN GENERAL
campo de control de longitud fija t|
008 - DATOS DE LONGITUD FIJA--INFORMACIÓN GENERAL
campo de control de longitud fija 061121s1971 sp |||| | spa d
100 1# - ENTRADA PRINCIPAL--NOMBRE DE PERSONA
Nombre de persona Ojea Otero, Manuel.
9 (RLIN) 86601
245 13 - MENCIÓN DEL TÍTULO
Título El problema de las limitaciones de derecho público y la esencia del derecho de propiedad
Resto del título : discurso /
Mención de responsabilidad, etc. leído el día 30 de mayo de 1969, en la solemne sesión de ingreso del académico... D. Manuel Ojea Otero y contestación... D. Dimas Hernández Corchero.
260 ## - PUBLICACIÓN, DISTRIBUCIÓN, ETC.
Lugar de publicación, distribución, etc. La Coruña :
Nombre del editor, distribuidor, etc. Academia Gallega de Jurisprudencia y Legislación,
Fecha de publicación, distribución, etc. 1971.
300 ## - DESCRIPCIÓN FÍSICA
Extensión 62 p. ;
Dimensiones 27 cm.
650 04 - PUNTO DE ACCESO ADICIONAL DE MATERIA--TÉRMINO DE MATERIA
Término de materia o nombre geográfico como elemento de entrada Propiedad.
9 (RLIN) 16476
700 1# - ENTRADA AGREGADA--NOMBRE PERSONAL
Nombre de persona Hernández Corchero, Dimas.
9 (RLIN) 62911
710 2# - ENTRADA AGREGADA--NOMBRE DE ENTIDAD CORPORATIVA
Nombre de entidad corporativa o nombre de jurisdicción como elemento de entrada Academia Gallega de Jurisprudencia y Legislación.
9 (RLIN) 1197
852 ## - LOCALIZACIÓN
Ubicación ES-MaACL
Número de control de estantería C-41379
Holdings
Estatus retirado Estado de pérdida Estado de daño No para préstamo Biblioteca de origen Biblioteca actual Ubicación en estantería Fecha de adquisición Fuente de adquisición Total de préstamos Signatura topográfica completa Código de barras Visto por última vez Precio de reemplazo Tipo de ítem Koha
        Biblioteca del Ateneo de Madrid Biblioteca del Ateneo de Madrid Depósito 2 17/01/2008     C-41379 1115858 23/02/2023 23/02/2023 Libro impreso